000 00456nam a2200193Ia 4500
008 170918s9999 xx 000 0 und d
020 _a9780545492225
050 _bG654 2011
100 _aGoodrich, Carter
245 _aSay hello to Zorro! /
245 _cby Carter Goodrich.
260 _aNew York :
260 _bScholastic,
260 _c2011
300 _aunpaged :
300 _bcolored illustration ;
300 _c20cm.
500 _a180
999 _c342813
_d342813